000 00889cam a2200205 4500
001 L136827
008 070226n2007 000 0 eng u
035 _a(Sirsi) u136827
041 0 _aeng
050 _a658.404 $2 18
110 2 _aPlanning Advisory Service
_95078
245 0 0 _aPlanning delivery agreements pilot project January-December 2006
_h[electronic resource]
260 _c2007
520 _aDraws on an independent impact assessment of a project set up to assess the effectiveness of using PDAs as a project management tool for large applications, and the experiences of participating authorities, developers, agents and PAS and ATLAS staff.
590 _aKA
651 4 _aEngland
_y886-
690 _aProject management
_96261
856 4 0 _uhttps://www.pas.gov.uk/pas/core/page.do?pageId=11731
_zView the report free of charge online at www.pas.gov.uk...
942 _n0
999 _c106522
_d106522